Christopher Homm /

Uloženo v:
Podrobná bibliografie
Hlavní autor: Sisson, C.H (autor)
Další autoři: Martínez Muñoz, Catalina (traducción) (traducción)
Médium: Kniha
Jazyk:španělština
Vydáno: Barcelona, España : Alba, 2019, c2019
Edice:(Rara Avis Alba ; 41)
Témata:
Tagy: Přidat tag
Žádné tagy, Buďte první, kdo vytvoří štítek k tomuto záznamu!

MARC

LEADER 00000nam^a2200000^a^4500
001 000560216
005 20250521000000.0
009 20260310131857.484
020 |a 978-84-9065-511-5 
037 |a Acervo ITESO - Biblioteca 
041 |a ESP 
082 |a 823.  |b SIS 
100 |a Sisson, C.H.  |e (autor) 
245 1 0 |a Christopher Homm /  |c C.H. Sisson ; tr. por C. Martínez Muñoz. 
264 4 |a Barcelona, España :  |b Alba,  |c 2019, c2019 
300 |a 310 p. 
336 |a texto  |b txt  |2 rdacontenido 
337 |a sin mediación  |b n  |2 rdamedio 
338 |a volumen  |b nc  |2 rdasoporte 
440 1 |a (Rara Avis Alba ;  |v 41) 
500 |a Traducción de: Christopher Homm 
649 |a XX 
650 |a Hombres en la Literatura 
650 |a Novela Inglesa 
650 |a Literatura Inglesa -  |y Siglo XX 
650 |a Modernismo (Literatura) -  |z Inglaterra 
700 |a Martínez Muñoz, Catalina  |e (traducción) 
910 |a Fondo General 
920 |a Impresos - Libros 
930 |a Colección General 
940 |a Literatura 
905 |a 101 
901 |a 0500399731  |b IT1  |c LIT  |i C182334  |u 20250521 
902 |a https://opac.biblio.iteso.mx/vufind/Record/000560216